000 01230cam a2200145 4500500
005 20251214001929.0
041 _afre
042 _adc
100 1 0 _ad' Almeida-Topor, Hélène
_eauthor
700 1 0 _ad'Almeida-Topor, Hélène
_eauthor
245 0 0 _aL'Afrique du 20e siècle à nos jours
260 _bArmand Colin,
_c2013.
520 _aDe la Méditerranée au cap de Bonne-Espérance et de l’Atlantique aux rives de l’océan Indien, l’immensité de l’Afrique n’a d’égale que sa diversité. En découle une multiplicité de situations qui constituent autant de réponses de ses habitants aux défis du 20e siècle et du début du 21e : colonisation et décolonisation, guerres, crises et sous-développement… L’aspect comparatif sous-tend donc la trame de cette étude qui aborde l’histoire contemporaine du continent africain sous un angle à la fois chronologique et thématique. Élaborée à partir de travaux récents de nombreux spécialistes et des recherches personnelles de l’auteur, cette synthèse met en relief la complexité et la totalité de l’Afrique.
856 4 1 _uhttps://shs.cairn.info/l-afrique-du-20-e-siecle-a-nos-jours--9782200285074?lang=fr&redirect-ssocas=7080
999 _c1566578
_d1566578